000 02298nam a22002057a 4500
999 _c58707
_d58707
003 Ge_BSU
005 20220701130017.0
008 220701s2011ge xxu||||| |||| 00| 0 geo d
020 _a9789941429163
041 _ageo
080 _a378.4(479.22)(063) ქ-84
245 _aქუთაისის უნ-ტი. სამეცნიერო-პრაქტიკული კონფერენცია თემაზე: "ეკონომიკის და ბიზნესის თანამედროვე პრობლემები და განვითარების ტენდენციები", მიძღვნილი უნ-ტის დაარსებიდან 20 წლისთავისადმი (2011)
_bთემაზე: "ეკონომიკის და ბიზნესის თანამედროვე პრობლემები და განვითარების ტენდენციები" = Scientific-practical conference devoted to the 20 th anniversary of Kutaisi university "Contemporary problems of economics and business and trends of development" /
_c[სარედ. კოლ.: იაკობ მესხია [და სხვ.]].
264 _aქუთაისი.
_c2011.
300 _a236გვ . :
_b ნახ. ;
_c29 სმ.
501 _aუნივერსიტეტის დაარსებიდან 20 წლისთავისადმი მიძღვნილი სამეცნიერო-პრაქტიკული კონფერენცია
653 _a სამეცნიერო-პრაქტიკული კონფერენცია თემაზე: "ეკონომიკის და ბიზნესის თანამედროვე პრობლემები და განვითარების ტენდენციები", მიძღვნილი უნ-ტის დაარსებიდან 20 წლისთავისადმი (2011)
653 _aქუთაისი, 2011 წლის 5-6 ნოემბერი
700 _aმესხია, იაკობ
_eსარედაქციო კოლეგია
_914279
942 _2udc
_cBK